01300nam a2200265 i 450000100060000000300090000600500170001500700030003200800410003502000180007608000210009408000220011510000330013724501120017026000320028230000220031449000400033650503410037665100590071765100530077683000480082985200200087799900170089795201200091444576ES-MaACL20230906161046.0t|030321s1980 sp ||||1| spa d a84-306-3045-7 a32(460)"1975/.." a308(460)"1975/.."1 aCebrián, Juan Luis.93729613aLa España que bosteza : bapuntes para una historia crítica de la Transición / cJuan Luis Cebrián. aMadrid : bTaurus, c[1980] a145 p. ; c21 cm.1 aBiblioteca política Taurus ; v458 aContiene: Introducción al miedo ; La experiencia del período constituyente ; La reforma hecha, las reformas pendientes ; Las autonomías ; La crisis de los partidos ; La ley y la trampa ; La cuestión religiosa: la escuela y la familia ; La prensa en crisis ; Las incógnitas de la política exterior ; El derecho a la felicidad 4aEspaña-xHistoria-y1975-1982, Transición.9149272 4aEspaña-xSituación social-y1975-1982.985071 aBiblioteca política Taurus ; v4591765154 aES-MaACLjL-209 c44576d44576 00104070aATENEOMbATENEOMcDEPO2d2008-01-17eSCl0oL-209p1046918r2023-02-23 00:00:00w2023-02-23yMONOGRAFIA